000
00222nam a2200085Ia 4500
245
0
_a
Managing the land
100
_a
DALGLEISH, Sharon Philadelphia, 2003
942
_c
BK
008
210817s9999 xx 000 0 und d
999
_c
397672
_d
397671